Deutsche Politiker - Statistiken

Allgemein
  • Dieses Quiz wurde 843 mal gespielt
  • Das Durchschnittsergebnis liegt bei 3 aus 5
Antwortstatistiken
Frage Antwort % Korrekt
Wie heßt die deutsche Bundeskanzlerin? Angela Mekel
100%
Welche ist Deutschlands älteste Partei? SPD
91%
Wo ist Gustav Heinemann geboren? Essen
50%
Für welches Ministerium war Joseph Goebbels zuständig Ministerium für Volksaufklärung und Propaganda
45%
Wo starb Konrad Adenauer Rhöndorf
45%
Keine übereinstimmenden Quizze gefunden
Verteilung der Resultate
Anzahl Personen mit jedem Resultat
Perzentil nach korrekt beantworteten Fragen
Ihre Resultats-Entwicklung
Sie haben dieses Quiz noch nicht gespielt